000
00242 a2200097 4500
001
56624
100
_a
245
_a
System software ; an introduction to systems programming
260
_a
Massachusetts
_b
A M S E
_c
1997
090
_c
34846
_d
34846
942
_a
NUST-CAE
_c
_c
27609
999
_c
291697
_d
291697